Улисс: роман

Bibliografische gegevens
Hoofdauteur: Джойс Дж. Джеймс
Andere auteurs: Хинкис В. Виктор (переводчик), Хорунжий С. Сергей
Samenvatting:Джеймс Джойс (1882—1941), великий ирландский писатель, классик и одновременно разрушитель классики с ее канонами, человек, которому более чем кому-либо обязаны своим рождением новые литературные школы и направления XX века. Роман «Улисс» (1922) — главное произведение писателя, определившее пути развития искусства прозы и не раз признанное лучшим, значительнейшим романом за всю историю этого жанра. По замыслу автора, «Улисс» — рассказ об одном дне, прожитом одним обывателем из одного некрупного европейского городка, — вместил в себя всю литературу со всеми ее стилями и техниками письма и выразил все, что искусство способно сказать о человеке.
Taal:Russisch
Gepubliceerd in: СПб., Азбука-классика, 2004
Onderwerpen:
Formaat: MixedMaterials Boek
KOHA link:https://koha.lib.tpu.ru/cgi-bin/koha/opac-detail.pl?biblionumber=81953

MARC

LEADER 00000nam0a2200000 4500
001 81953
005 20231101213212.0
010 |a 5352013006  |b (в пер.)  |b 7000 экз. 
021 |a RU  |b 05-23146  |9 05-1176 
035 |a (RuTPU)RU\TPU\book\88082 
090 |a 81953 
100 |a 20050926d2004 m y0rusy5002 ca 
101 1 |a rus  |c eng 
102 |a RU 
105 |a y z 000ay 
200 1 |a Улисс  |e роман  |f Джеймс Джойс  |g [пер. с англ. В. Хинкиса, С. Хорунжего; коммент. С. Хорунжего] 
210 |a СПб.  |c Азбука-классика  |d 2004 
215 |a 983, [2] с.  |d 21 см. 
330 |a Джеймс Джойс (1882—1941), великий ирландский писатель, классик и одновременно разрушитель классики с ее канонами, человек, которому более чем кому-либо обязаны своим рождением новые литературные школы и направления XX века. Роман «Улисс» (1922) — главное произведение писателя, определившее пути развития искусства прозы и не раз признанное лучшим, значительнейшим романом за всю историю этого жанра. По замыслу автора, «Улисс» — рассказ об одном дне, прожитом одним обывателем из одного некрупного европейского городка, — вместил в себя всю литературу со всеми ее стилями и техниками письма и выразил все, что искусство способно сказать о человеке. 
610 1 |a ирландская литература 
610 1 |a романы 
610 1 |a США 
610 1 |a 20 век 
675 |a 82  |v 3  |z rus 
700 1 |a Джойс  |b Дж.  |c ирландский писатель  |f 1882-1941  |g Джеймс  |2 stltpush  |3 (RuTPU)RU\TPU\pers\7921  |9 1533 
702 1 |a Хинкис  |b В.  |g Виктор  |4 730 
702 1 |a Хорунжий  |b С.  |g Сергей  |4 730 
801 0 |a RU  |b RKP  |c 20050523  |g PSBO 
801 1 |a RU  |b 63413507  |c 20050926  |g PSBO 
801 2 |a RU  |b 63413507  |c 20170113  |g PSBO 
942 |c BK